Traité des vapeurs, ou, Maladies nerveuses, et particulièrement de l'hystère et de l'hypocondrie / par M. Louver Villermay, D. M. P., membre de l'Académie Royale de Médecine et de plusieurs Société, savantes, etc. etc.

Detalles Bibliográficos
Autor principal: Louver Villermay
Otros Autores: Bailliere, Germer, 1807-1859, ed
Formato: Libro
Lenguaje:French
Publicado: a Paris : chez Germer-Baillière, libraire, rue de l'École-de-Médecine, N° 15 (bis), 1832-
Edición:Nouvelle édition
Materias:
Colección:Banco de datos
Acervo:Universidad Autónoma Benito Juárez de Oaxaca. Biblioteca Francisco de Burgoa. Colección antigua
Descripción Física:t. ; 8°
Tema general:Medicina
Notas:Portada tipográfica con cita literaria en francés y plecas en grabado xilográfico. Texto a renglón seguido con paginación en números arábigos y romanos, notas a pie de página y signaturas. Cada tomo con portada y numeración propias. Año de los t. 1-2 publicados en 1832. Paginación: t. 1 XVI, 448 p.; t. 2 449-787 p. Encuadernación en keratol con lomo en piel (14890, 14891). Marca de fuego: Casa del Noviciado de la Compañía de Jesús de Oaxaca, Oax. (14890, 14891)
LEADER 01555nam a22002170004500
035 |a 4510 
041 0 |a fre 
100 1 |a Louver Villermay 
245 1 0 |a Traité des vapeurs, ou, Maladies nerveuses, et particulièrement de l'hystère et de l'hypocondrie / par M. Louver Villermay, D. M. P., membre de l'Académie Royale de Médecine et de plusieurs Société, savantes, etc. etc. 
250 |a Nouvelle édition 
260 |a a Paris : chez Germer-Baillière, libraire, rue de l'École-de-Médecine, N° 15 (bis), 1832- 
300 |a  t. ; 8° 
500 |a Portada tipográfica con cita literaria en francés y plecas en grabado xilográfico. Texto a renglón seguido con paginación en números arábigos y romanos, notas a pie de página y signaturas. Cada tomo con portada y numeración propias. Año de los t. 1-2 publicados en 1832. Paginación: t. 1 XVI, 448 p.; t. 2 449-787 p. Encuadernación en keratol con lomo en piel (14890, 14891). Marca de fuego: Casa del Noviciado de la Compañía de Jesús de Oaxaca, Oax. (14890, 14891) 
504 |a Al final del t. 2 está el índice de materias 
650 1 0 |a Medicina 
700 1 |a Bailliere, Germer, 1807-1859, ed. 
740 0 |a Maladies nerveuses, et particulièrement de l'hystère et de l'hypocondrie 
852 |a Universidad Autónoma "Benito Juárez" de Oaxaca, Biblioteca Francisco de Burgoa, Colección antigua t. 1 (14890); t. 2 (14891) 
942 |c BURANT 
943 |g Universidad Autónoma Benito Juárez de Oaxaca. Biblioteca Francisco de Burgoa. Colección antigua 
999 |c 1115521  |d 1115521